00932 a2200181 45000010006000000050017000060080041000230030015000640400040000790800035001192450096001542500012002502640032002623000019002945050407003130410008007201000022007285956020260407155849.0260407a1974 arg spa dAR-UNSa-BCEJYS aAR-UNSa-BCEJYSbspacAR-UNSa-BCEJYS a330.34xDesarrollo Económico10aEl desarrollo argentinopVisión retrospectiva. Apreciación cultural. Programa de futuro a3a. ed. 1aMéxico :bEl Ateneoc1974 a117 p.c20 cm. a1. Nota preliminar - 2. El ciclo de la sociedad tradicional y el despegue en la teoría del desarrollo – 3. El proceso argentino de desarrollo – 4. Desborde de la teoría agroportuaria y despegue hacia el desarrollo – 5. Ubicación de la argentina en el contexto mundial del desarrollo – 6. El programa – 7. El programa de los cinturones y la alternativas estratégicas del crecimiento -  aspa1 aDaus, Federico A.